000 00530nam a2200193Ia 4500
005 20240717051253.0
008 240331s9999 xx 000 0 und d
082 _a200
_bSPE
245 0 _aSpeaking of faith :
_bcross-cultural perspectives on women ,religion and social change
260 _aNew Delhi
_bKali For Women
_c1986
300 _a288, p .,
650 _aCross - culture
650 _aWoman
650 _aReligion
650 _aSocial Change
700 _aEck. L. Diana
_eedt
700 _aJain, Devaki
_eedt
942 _cL
999 _c811
_d811